| 000 | 00769nam a22002057a 4500 | ||
|---|---|---|---|
| 999 |
_c17901 _d17901 |
||
| 003 | OSt | ||
| 005 | 20230127131300.0 | ||
| 008 | 230127b ||||| |||| 00| 0 eng d | ||
| 040 | _c0 | ||
| 082 | _aDPer 910.46 T156 2019 v76PA-76PB | ||
| 100 |
_aMody, Makarand. _eauthor. _947624 |
||
| 245 |
_aGoing back to its roots : _bcan hospitableness provide hotels competitive advantage over the sharing economy? / _cMakarand Mody, Courtney Suess, Xinran Lehto. |
||
| 260 |
_aAmsterdam : _bElsevier, _c©January 2019. |
||
| 300 | _av 76PA, pages 286-298 : illustrations. | ||
| 650 |
_aHospitality industry. _947625 |
||
| 700 |
_aMody, Makarand. _eauthor. _947624 |
||
| 700 |
_aSuess, Courtney. _eauthor. _947626 |
||
| 700 |
_aLehto, Xinran. _eauthor. _947627 |
||
| 942 |
_2ddc _cPER |
||